000 00474nam a22001697a 4500
005 20231010201723.0
008 231010b |||||||| |||| 00| 0 eng d
020 _a9781800208728
082 _a006.76
_bENG-W
100 _aEngstrom,Jimmy
245 _aWeb development with Blazor
_bA hands-on guide for .NET developers to build interactive UIs with C#
260 _aUK
_c2021
300 _a291
500 _aInclude Index
650 _aComputer
700 _aJimmy Engstrom
999 _c33854
_d33854